Länder Amerikas nach Bevölkerungsdichte (beliebige Reihenfolge) - Statistiken

Allgemein
  • Dieses Quiz wurde 5 mal gespielt
  • Das Durchschnittsergebnis liegt bei 25 aus 35
Antwortstatistiken
Hint Antwort % Korrekt
418 EW/km² Haiti
100%
226 EW/km² Antigua und Barbuda
80%
16,6 EW/km² Argentinien
80%
28,8 EW/km² Bahamas
80%
698 EW/km² Barbados
80%
17,4 EW/km² Belize
80%
11,1 EW/km² Bolivien
80%
25,2 EW/km² Brasilien
80%
26,2 EW/km² Chile
80%
102 EW/km² Costa Rica
80%
3,89 EW/km² Kanada
80%
43,1 EW/km² Kolumbien
80%
100 EW/km² Kuba
80%
64,9 EW/km² Mexiko
80%
16,7 EW/km² Paraguay
80%
26 EW/km² Peru
80%
325 EW/km² St. Lucia
80%
273 EW/km² Trinidad und Tobago
80%
20,4 EW/km² Uruguay
80%
33,9 EW/km² USA
80%
31 EW/km² Venezuela
80%
230 EW/km² Dominikanische Republik
60%
63,5 EW/km² Ecuador
60%
299 EW/km² El Salvador
60%
163 EW/km² Guatemala
60%
3,72 EW/km² Guyana
60%
85,6 EW/km² Honduras
60%
255 EW/km² Jamaika
60%
51,3 EW/km² Nicaragua
60%
58,3 EW/km² Panama
60%
257 EW/km² St. Vincent und die Grenadinen
60%
3,66 EW/km² Suriname
60%
93,2 EW/km² Dominica
40%
291 EW/km² Grenada
40%
192 EW/km² St. Kitts und Nevis
40%
Keine übereinstimmenden Quizze gefunden
Verteilung der Resultate
Anzahl Personen mit jedem Resultat
Perzentil nach korrekt beantworteten Fragen
Ihre Resultats-Entwicklung
Sie haben dieses Quiz noch nicht gespielt